LEADER 03633nam 2200877z- 450 001 9911053203903321 005 20230911 035 $a(CKB)5690000000228576 035 $a(oapen)doab113940 035 $a(EXLCZ)995690000000228576 100 $a20230920c2023uuuu -u- - 101 0 $aeng 135 $aurmn|---annan 181 $ctxt$2rdacontent 182 $cc$2rdamedia 183 $acr$2rdacarrier 200 00$aAdvance in Molecularly Imprinted Polymers 210 $cMDPI - Multidisciplinary Digital Publishing Institute$d2023 215 $a1 online resource (208 p.) 311 08$a3-0365-8596-6 330 $aThe "Advance in Molecularly Imprinted Polymers" Special Issue establishes a connection between original research papers and reviews that showcase recent progress in the formulation, creation, and wide-ranging utilization of molecularly imprinted polymers. The content within this Special Issue encompasses a range of subjects pertaining to the chemistry of MIPs, encompassing aspects such as molecular modeling, the utilization of novel monomers and innovative synthesis methods for crafting MIPs, the synthesis and application of ion-imprinted materials, the selective extraction of organic compounds, the preparation of sensors, and the implementation of MIPs in the field of medicine. The compilation of scientific papers presented in this collection demonstrates the diverse landscape of research within MIPs chemistry, ultimately leading to the enhancement of desired traits and the exploration of fresh potential applications for these materials. 606 $aChemistry$2bicssc 606 $aResearch & information: general$2bicssc 610 $a4-vinylbenzoic acid 610 $a5-fluorouracil 610 $aadsorption capacity 610 $aamphiphilic random copolymer 610 $abee envenomation 610 $abee venom phospholipase A2 610 $aciprofloxacin 610 $aCoffea arabica 610 $acomputational modelling 610 $acomputational simulation 610 $acopper(II) ion template 610 $adrug delivery 610 $adual functional monomer 610 $aepidermal growth factor receptor 610 $afluorescence probes 610 $afunctional macromolecular structures 610 $aheavy metals 610 $ahydrogels 610 $aimprinted polymer 610 $aintermolecular interaction 610 $aion-imprinted polymer 610 $aligand-free nanogels 610 $alight and heavy rare-earth metals 610 $amicrospheres 610 $aMolecular Imprinted Polymers (MIP) 610 $amolecular imprinting 610 $amolecular imprinting technique 610 $aMolecular Imprinting Technology (MIT) 610 $amolecularly imprinted polymers 610 $aN-acylation 610 $an/a 610 $aphenethylamines 610 $aquinic acid 610 $arare earth metals 610 $aremote interaction of macromolecules 610 $aselective sorption 610 $asemi-covalent imprinting 610 $aseparation 610 $aseparation of rare-earth metals 610 $asolid phase extraction 610 $asolid phase synthesis 610 $asolid-phase extraction 610 $asorption 610 $asynthetic antivenom 610 $atransdermal drug delivery 610 $atyramine 610 $aupconversion nanoparticles 615 7$aChemistry 615 7$aResearch & information: general 906 $aBOOK 912 $a9911053203903321 996 $aAdvance in Molecularly Imprinted Polymers$94525955 997 $aUNINA